Postavenie, úlohy a súčinnosť štátneho a rezortného dozoru nad prípravou mládeže na robotnícke povolania záverečná práca postgraduálneho štúdia

Enregistré dans:
Détails bibliographiques
Auteur principal: Buzgovič, Vladimír
Collectivité auteur: Vysoká škola ekonomická v Bratislave
Autres auteurs: Hajach, Tomáš
Format: Livre
Langue:slovaque
Publié: Bratislava 1987
Tags: Ajouter un tag
Pas de tags, Soyez le premier à ajouter un tag!

MARC

LEADER 00000nam a2200000 4500
001 c033508
005 20221219094940.2
041 0 |a slo 
044 |a SK 
245 1 0 |a Postavenie, úlohy a súčinnosť štátneho a rezortného dozoru nad prípravou mládeže na robotnícke povolania  |b záverečná práca postgraduálneho štúdia  |c Vladimír Buzgovič ; Ved. práce Tomáš Hajach 
264 1 |a Bratislava  |c 1987 
300 |a 35 s. 
100 1 |a Buzgovič, Vladimír 
700 1 |a Hajach, Tomáš 
710 2 |a Vysoká škola ekonomická v Bratislave